San Diego Padres: All-Star Selections - Statistics

General Stats
  • This quiz has been taken 462 times
    127 since last reset
  • The average score is 18 of 59
Answer Stats
Position Amount of Selections Player % Correct
3B 2 Manny Machado
88%
SS 2 Fernando Tatis Jr.
87%
RF 15 Tony Gwynn
87%
P 6 Trevor Hoffman
73%
P 1 Yu Darvish
64%
2B 2 Jake Cronenworth
57%
P 2 Jake Peavy
56%
2B 1 Luis Arráez
51%
OF 1 Jackson Merrill
49%
P 2 Randy Jones
45%
C 4 Benito Santiago
44%
SS 1 Ozzie Smith
44%
CF 1 Ruppert Jones
44%
P 1 Joe Musgrove
43%
1B 1 Wil Myers
43%
RF 4 Dave Winfield
41%
3B 2 Ken Caminiti
40%
1B 3 Adrián González
37%
OF 1 Jurickson Profar
37%
P 1 Kevin Brown
36%
1B 2 Steve Garvey
36%
OF 1 Juan Soto
33%
P 3 Heath Bell
32%
1B 3 Nate Colbert
27%
2B 1 Roberto Alomar
27%
P 1 Robert Suárez
27%
CF 1 Steve Finley
27%
P 1 Josh Hader
25%
SS 1 Garry Templeton
24%
P 1 Kirby Yates
24%
3B 1 Phil Nevin
24%
RF 1 Gary Sheffield
23%
LF 1 Greg Vaughn
21%
P 2 Rich Gossage
21%
C 3 Terry Kennedy
20%
P 2 Brad Hand
19%
P 1 Chris Young
19%
1B 1 Fred McGriff
19%
OF 1 Justin Upton
19%
LF 1 Ryan Klesko
19%
P 1 Andy Benes
17%
P 1 Rollie Fingers
17%
OF 1 Rondell White
17%
SS 1 Tony Fernández
17%
3B 1 Graig Nettles
13%
P 2 Huston Street
13%
P 2 Mark Davis
13%
SS 1 Everth Cabrera
12%
P 1 Gaylord Perry
12%
P 2 Andy Ashby
11%
2B 1 Mark Loretta
11%
P 1 Tyson Ross
9%
OF 1 Cito Gaston
8%
P 1 Mark Melancon
8%
P 1 Dave Dravecky
7%
P 1 Drew Pomeranz
7%
OF 1 Johnny Grubb
3%
P 1 LaMarr Hoyt
3%
C 1 Chris Cannizzaro
1%
No matching quizzes found
Score Distribution
Percent of People with Each Score
Percentile by Number Answered
Your Score History
You have not taken this quiz since the last reset